000 00559nam a22002057a 4500
999 _c6197
_d6197
003 OSt
005 20210325160427.0
008 190410b xxu||||| |||| 00| 0 eng d
020 _a0023696907
040 _cDDC.
082 _a005.13SAN 1987
100 _aLeestma,sanford;Nyhoff;
_912767
245 _aPascal Programming and Problem Solving.
250 _a2nd ed.
260 _aLondon,
_bCollier Macmillan Publishers.
_c--
300 _axiii,682p;
_bill,
_c26cm.
504 _aincludes index
650 _aComputer Programming
_94022
942 _2ddc
_cO_SHELF